000
00274nam a2200097Ia 4500
008
240331s9999 xx 000 0 und d
082
_b
WIE
100
_a
Wieringa, S
245
0
_a
Subversive womenn :
_b
women's movements in Africa,Asia,Latin America and the Caribbean
942
_c
L
999
_c
4575
_d
4575